Szczegóły MARC21

Das Gedicht im Geheimnis der Begegnung : Dichtung und Poetik Celans im Kontext seiner russischen Lektüren /

003 -Nazwa inst., której nr kontr. jest w polu 001 [,]
    • @
    • Nazwa instytucji, której n kontrolny jest w polu 001
    • NUKAT
005 -DATA I CZAS OSTATNIEJ MODYFIKACJI [,]
    • @
    • pole kontrolne
    • 20241231112629.0
020 -Międzynarod. znormalizowany nr książki - ISBN [ , ]
    • a
    • Numer ISBN
    • 3484181419 Find
040 -Instytucja sporządzająca opis [ , ]
    • a
    • Instytucja, która sporządziła opis (NP)
    • Ł U/AC
    • c
    • Instytucja, która sporządziła rekord (NP)
    • Ł U/AC
    • d
    • Instytucja, która zmodyfikowała rekord (P)
    • Ł U/MK
    • d
    • Instytucja, która zmodyfikowała rekord (P)
    • Ł U/RRs
942 -Rodzaj dokumentu [ , ]
    • c
    • Rodzaj dokumentu
    • Książka
100 -Hasło główne - nazwa osobowa [1, ]
    • a
    • Nazwa osobowa (NP)
    • Ivanović, Christine
    • d
    • Daty biograficzne (NP)
    • (1963- ).
    • 9
    • KHW
    • 632205
245 -Strefa tytułu i oznaczenia odpowiedzialności [1,4]
    • a
    • Tytuł
    • Das Gedicht im Geheimnis der Begegnung : Find
    • b
    • Ciąg dalszy tytułu (NP)
    • Dichtung und Poetik Celans im Kontext seiner russischen Lektüren / Find
    • c
    • Pozostałe elementy strefy tytułu i oznaczenia odpowiedzialności (NP)
    • Christine Ivanović.
260 -Strefa adresu wydawniczego [ , ]
    • a
    • Miejsce wydania (P)
    • Tübingen :
    • b
    • Nazwa wydawcy (P)
    • Max Niemeyer Verlag,
    • c
    • Data wydania (P)
    • 1996.
300 -Strefa opisu fizycznego [ , ]
    • a
    • Określenie formy książki i/lub objętość (NP)
    • XIII, 379 s. ;
    • c
    • Format (NP)
    • 22 cm.
336 -Typ zawartości [ , ]
    • a
    • Termin opisujący typ zawartości
    • Tekst
    • b
    • Kod określający zawartość
    • txt
    • 2
    • Źródło (terminu i kodu)
    • rdacontent
337 -Typ mediów [ , ]
    • a
    • Tryb odtwarzania
    • Bez urządzenia pośredniczącego
    • b
    • Kod typu mediów
    • n
    • 2
    • Źródło (terminu i kodu)
    • rdamedia
338 -Typ/rodzaj nośnika [ , ]
    • a
    • Hasło opisujące typ nośnika
    • Wolumin
    • b
    • Kod typu nośnika
    • nc
    • 2
    • Źródło (terminu i kodu)
    • rdacarrier
490 -Strefa serii i książki wielotomowej - forma nie do wyszukiwania [1, ]
    • a
    • Tytuł (P)
    • Studien zur Deutschen Literatur, Find
    • x
    • ISSN (NP)
    • 0081-7236 ;
    • v
    • Numeracja (P)
    • Bd. 141
830 -Hasło dodatkowe serii i opisu książki wielotomowej - tytuł ujednolicony/tytuł [ ,0]
    • a
    • Tytuł ujednolicony/tytuł (NP)
    • Studien zur Deutschen Literatur
    • x
    • ISSN
    • 0081-7236
    • v
    • Oznaczenie tomu (NP)
    • Bd. 141
    • 9
    • KHW
    • 470061
504 -Uwaga dot. bibliogr. załącznikowej [ , ]
    • a
    • Uwaga dot. bibliografii załącznikowej
    • Bibliogr. s. 362-371. Indeks.
080 -Uniwersalna Klasyfikacja Dziesiętna [ , ]
    • a
    • Symbol klasyfikacji
    • 830(436)(091)-1"19"Celan P.=30
080 -Uniwersalna Klasyfikacja Dziesiętna [ , ]
    • a
    • Symbol klasyfikacji
    • :82.03=30
080 -Uniwersalna Klasyfikacja Dziesiętna [ , ]
    • a
    • Symbol klasyfikacji
    • :82.091=30
600 -Hasło przedmiotowe w formie nazwy osobowej [1,7]
    • a
    • Nazwa osobowa
    • Celan, Paul
    • d
    • Daty związane z nazwą
    • (1920-1970)
    • x
    • Określnik rzeczowy
    • i literatura rosyjska.
    • 2
    • Źródło terminu
    • kaba
    • 9
    • KHW
    • 632405
600 -Hasło przedmiotowe w formie nazwy osobowej [1,7]
    • a
    • Nazwa osobowa
    • Celan, Paul
    • d
    • Daty związane z nazwą
    • (1920-1970)
    • x
    • Określnik rzeczowy
    • wpływ.
    • 2
    • Źródło terminu
    • kaba
    • 9
    • KHW
    • 632404
650 -Hasło przedmiotowe [ ,7]
    • a
    • Hasło przedmiotowe
    • Literatura rosyjska
    • x
    • Określnik rzeczowy
    • tłumaczenia niemieckie
    • x
    • Określnik rzeczowy
    • historia i krytyka.
    • 2
    • Źródło terminu
    • kaba
    • 9
    • KHW
    • 632403
980 -Symbol UKD [ , ]
    • a
    • UKD
    • 830(436)(091)-1"19"Celan P.:82.03:82.091]=30
920 -ISBN [ , ]
    • a
    • ISBN
    • 3-484-18141-9 Find
Numer inwentarzowy Sygnatura Status udost. Lokalizacja Data inwentaryzacji
G.16303Germ. Literaturozn. – Celan 05-3BM2002-03-11